000 00576nam a2200229Ia 4500
003 OSt
005 20230403103358.0
008 210423s1969 xx 000 0 und d
020 _a716604736
040 _cAL
041 _aeng
082 _a030 WORL
100 _aWorld Book
_982237
245 _aWorld book year book 1969
260 _aChicago
_bField Enterprises educational corporation
_c1969
300 _avii,628
_bHB
365 _cINR
650 _aEncyclopedic Works
_982238
650 _aGeneral
_982239
906 _a1969. ; World ; year
942 _2ddc
_cBK
999 _c157920
_d157920